000
00457nam a2200133Ia 4500
008
100328s9999 xx 000 0 und d
082
_b
60819
100
_a
पोंक्षे राजीव.
245
_a
जन्म गुन्हेगारांचा.
260
_b
पार्टनर.
630
_a
जन्म गुन्हेगारांचा.
730
_a
जन्म गुन्हेगारांचा.
942
_c
BOOK
999
_c
546937
_d
546934